000
00339nam a2200133Ia 4500
008
260604s9999 xx 000 0 und d
020
_a
9780141346847
082
_a
813.6 RIO
100
_a
Riordan, Rick
_9
35347
245
0
_a
Percy Jackson (2) : The Sea of Monsters (NEW)
260
_b
PENGUIN UK
500
_a
Sea of Monsters
942
_c
BK
999
_c
8139
_d
8139